1990 1083 1942 1547 1006 1465 1995 1499 1533 1352 1562 1034 1641 1263 1137 1696 1155 1025 1861 1926 1822 1462 1059 1355 1903 1730 1873 1050 1450 1784 1427 1713 1258 1679 1312 1987 1995 1950 1408 1646 1011 1775 1139 1396 1139 1176 1659 1148 1628 1035 1432 1073 1470 1479 1326 1189 1500 1221 1790 1229 1797 1495 1294 1373 1471 1863 1430 1328 1959 1778 1933 1623 1931 1072 1461 1649 1707 1714 1787 1925 1494 1159 1723 1824 1296 1968 1567 1662 1434 1217 1036 1152 1009 1745 1953 1053 1457 1371 1702 BCNSPRNW ULIB Ver.6.0+V

เปลี่ยนเป็นภาษาไทย

Change to English
 แสดงรายละเอียดบรรณานุกรม
  กลับหน้าหลัก

Brief Record : Get Marc (ISO 2709) : E-mail record : QR code < ปิดหน้าต่าง
LEADER : 00000nam 2200000uu 4500
001    13399125170
003     ULIB
008    161027s2549||||th 000 0 tha d
020    9742964386
099    ^aวจ.WM172^bว181ก
100 0  ^aวรวัฒน์ ไชยชาญ
245 00 ^aการใช้ Brief Psychiatric Rating Seale ในการทำนายระยะวันนอนในโรงพยาบาลของผู้ป่วยจิตเวช ^cวรวัฒน์ ไชยชาญ
260    ^aนครสวรรค์:^bโรงพยาบาลจิตเวชนครสวรรค์ราชนครินทร์ กรมสุขภาพจิต กระทรวงสาธารณสุข ,^c2549
945    ^p0^l0^i001427
999    ^aวรรณษา ชูชัยมงคล
รายการนี้ยังไม่มีแท็ก
คุณยังไม่ได้ล็อกอิน คุณสามารถมีกิจกรรมร่วมกับเว็บไซต์ได้ แต่ต้องล็อกอินก่อน ::
  ล็อกอิน

รายการสื่อสารสนเทศ

ลำดับที่ ประเภท เลขเรียก/บาร์โค้ด สถานที่ สถานะ
1. งานวิจัย
งานวิจัย
วจ.WM172 ว181ก ฉ.1 
  Barcode: 001427
ห้องสมุดวิทยาเขตสวรรค์ประชารักษ์
►วิจัย
บนชั้น

BibComment


ยังไม่เคยถูกคอมเมนท์

คอมเมนท์ทรัพยากรรายการนี้
  คอมเมนท์: การใช้ Brief Psy..


 Copyright 2026. Bcnsprnw @Library